000 00448nam a2200181Ia 4500
008 100917s9999 xx 000 0 und d
082 _b4454
100 _aअमरेन्द्र
245 _aमेघदूत
260 _b---
_c1956
300 _a32
365 _b0.4
520 _aबालविभाग
630 _aमेघदूत
650 _aबालविभाग
730 _aमेघदूत
942 _cBOOK
999 _c609848
_d609845